[Event "Cto. Esp. Equipos"]
[Site "Mérida"]
[Date "2005.08.28"]
[Round "5"]
[White "Illescas Cordoba, Miguel"]
[Black "Lacasa Diaz, Jose Antonio"]
[Result "1-0"]
[WhiteElo "2624"]
[BlackElo "2420"]
[Annotator "Illescas, M"]
[PlyCount "103"]
[EventDate "2005.07.25"]
[EventType "team"]
[EventRounds "5"]
[EventCountry "ESP"]
[Source "EDAMI"]
[SourceDate "2006.12.20"]

{Tras una apertura inusual en la que ambos bandos planteamos el juego con gran
ambición las negras emergieron con peón de ventaja pero obligadas a jugar con
precisión frente a la iniciativa blanca. Mi rival erró el camino en la jugada
15 permitiendo la apertura de lineas contra su rey que permanecía en el centro.
Tras omitir un remate decisivo tuve que desplegar cierta técnica para
imponerme en el final.} 1. e4 c5 2. Nf3 e6 3. b3 b6 4. c4 Bb7 5. Nc3 Nc6 6. g3
$5 {Un plan poco empleado que en pocas jugadas nos llevará "fuera del libro".}
({También original resultó la forma en que me jugó el británico Nigel Short
hace unos cuantos años:} 6. Bb2 Nf6 7. Bd3 d6 8. O-O Be7 9. Rc1 O-O 10. Bb1 Nd4
11. Nxd4 cxd4 12. Ne2 e5 13. Ng3 g6 14. f4 {
con iniciativa del blanco en Short,N-Illescas,M/Barcelona World Cup 1989}) 6...
Nf6 7. Bg2 d5 {
Lacasa juega en el centro en un claro intento de refutar la estrategia blanca.}
8. cxd5 exd5 9. e5 Ng4 $5 $146 {DIAGRAMA  Una novedad llena de lógica.} ({
Estaba claro a estas alturas que ambos estabamos nadando en aguas desconocidas.
Se había jugado} 9... Ne4 10. O-O Be7 11. Ne2 d4 12. Nf4 O-O 13. Re1 Ng5 14. d3
Ne6 15. Nxe6 fxe6 16. Nd2 Qd7 $11 {David,A-Bosboom,M/Brussels 1993}) {
Aquí tuve que gastar bastante tiempo dado que dispongo de variascontinuaciones
interesantes y muy diferentes.} 10. O-O {
Por fin me decanté por enrocar lo cuál implica entregar el peón de rey.} ({
La alternativa principal era} 10. d4 $5 cxd4 11. Nxd4 Bb4 {
con grandes complicaciones.}) ({Otra posibilidad interesante era} 10. h3 $5
Ngxe5 11. Nxe5 Nxe5 12. O-O {con compensación por el material.}) 10... d4 $1 {
Las negras no pueden pasar sin este avance ya que es imprescindible evitar d4
de las blancas. De nuevo tuve que considerar los pros y los contras de las
diferentes alternativas decantándome finalmente por la jugada más natural, al
igual que en el movimiento anterior.} 11. Ne4 (11. Nb5 $5) (11. h3 $5) 11...
Qd7 $5 ({Yo esperaba} 11... Ngxe5 12. Nxe5 Nxe5 13. Qh5 Qc7 14. d3 O-O-O 15.
Bf4 {con posibilidades de ataque en el flanco de dama}) 12. d3 (12. Re1 O-O-O
$13) 12... Ngxe5 (12... O-O-O 13. Bf4 $14) 13. Nxe5 Nxe5 {Por fin las negras
capturan el peón. Ahora el enroque se convierte en su tarea prioritaria.} {
DIAGRAMA} 14. Qh5 $1 {Un importante detalle es que esta jugada evita el
enroque largo por la réplica Bh3.} ({Más pobre resultaría} 14. Re1 Be7 15. Nxc5
bxc5 16. Bxb7 Qxb7 17. Rxe5 O-O $11) 14... Ng6 $1 {
Lacasa acierta con la mejor defensa.} ({Perdía de inmediato} 14... Nxd3 $2 15.
Qe2 Nxc1 16. Nd6+ Kd8 17. Nxb7+ Qxb7 18. Raxc1 $18) ({
Tampoco funciona para las negras} 14... Nc6 $2 15. Re1 Be7 16. Bh3 Qd8 17. Ng5
Qd5 (17... g6 18. Qh6 $18) 18. Be6 g6 19. Bxd5 gxh5 20. Nxf7 $18) 15. f4 $1 {
La jugada de ataque natural.} ({Estuve considerando la exótica} 15. Bh6 $2 {
pero fallaba por} f5 $1 16. Bh3 Qf7 $17) 15... Be7 $2 {DIAGRAMA  Un error en
posición difícil. Las negras intentan el enroque corto pero no llegarán a
tiempo.} ({Era necesario devolver el material para frenar el ímpetu del peón f
blanco y asegurar el enroque corto. Tras} 15... f5 $1 16. Bh3 Be7 17. Bxf5 Qc6
$1 18. Bd2 O-O 19. Rae1 {
se alcanza una posición compleja en que ambos bandos poseen sus triunfos.}) 16.
f5 Ne5 (16... Nf8 17. Bf4 O-O-O 18. Qxf7 $18) 17. f6 gxf6 18. Nxf6+ Bxf6 19.
Rxf6 Ng6 {DIAGRAMA  Una posición delicada.} ({Pierden material tanto} 19...
Bxg2 20. Qxe5+ Qe7 21. Rf5 $1 $18) ({como} 19... Ng4 20. Bxb7 Nxf6 21. Qf3 $18)
{Ni que decir tiene que a estas alturas de la partida ambos rivales andábamos
algo escasos de tiempo. A mí me quedaban menos de 15 minutos; y sabiendo que
aparte de los 30 segundos por jugada no recibiría más tiempo me vi obligado a
jugar práctico desperdiciando con mi siguiente jugada una excelente
oportunidad de combinar.} 20. Bh6 $2 {La jugada no es mala en sí pero merece
un signo de interrogación dado que existía un remate brillante y contundente.}
({Yo analizaba 20.Rxg6! con idea del jaque en e5. Primero comprobé que el
cambio previo en b7 no servía: tras} 20. Bxb7 $2 Qxb7 21. Rxg6 fxg6 22. Qe5+
Kd7 {el rey negro escapa indemne.}) ({Ya metido en el análisis de} 20. Rxg6 $1
{fallé en el cálculo de jugadas. Tras} fxg6 ({También me preocupó} 20... Bxg2
21. Qe5+ Qe7 22. Qxh8+ Kd7 {pero resulta que se gana con la sencilla} 23. Qf6
$18) 21. Qe5+ Kf7 {las blancas disponen de la simple} 22. Bxb7 $1 {
El cambio directo vimos que no servía pero ahora es fuerte.} ({
Yo mentalmente veía} 22. Bh6 $2 Bxg2 23. Qg7+ Ke6 24. Re1+ Kd6 25. Qf6+ Kc7 26.
Bf4+ Kb7 27. Re7 Bc6 {y no me parecía suficiente para ganar.}) {Tras} 22...
Qxb7 23. Bh6 $1 {
y ahora sí las negras quedan sin defensa ya que además de Rf1 se amenaza Qg7.}
{Podría seguir} Kg8 24. Rf1 Qd7 25. Qf6 {con mate en pocas jugadas.}) 20...
Bxg2 21. Re1+ $1 {Este jaque intermedio constituye la base de mi plan. Aquí me
mostraba bastante optimista ya que un peón parece un precio barato por esta
posición pero las cosas no serían fáciles...} Kd8 22. Kxg2 Kc7 {Por supuesto
el rey negro busca refugio en el flanco de dama. Ahora - presionado por el
tiempo - jugué de modo automático} 23. Ref1 ({
Quizá sea objetivamente más fuerte} 23. Qf3 $5 Rae8 $8 24. Rxf7 $1 Rxe1 25.
Rxd7+ Kxd7 26. Qb7+ Kd6 27. Qxa7 Kc6 28. Qa4+ $14) 23... Rae8 $1 24. Rxf7 ({
Otra interesante oportunidad la constituía} 24. b4 $5 cxb4 25. Qf3 $1 Re5 $8 (
25... Re7 26. Rc1+ Kb8 27. Rxg6 hxg6 28. Bf4+ $18) 26. Rxf7 Re7 27. Bf4+ Nxf4+
28. Qxf4+ Kb7 29. Rxe7 Qxe7 30. Qxd4 Rd8 $44) 24... Re7 25. Rxe7 Qxe7 {
DIAGRAMA  Ahora tras los cambios comprendí que la débil posición de mi rey
suponía un serio impedimento para aprovechar el momento de mi mayor actividad.
Opté por un plan directo:} 26. Bf4+ (26. Qd5 {era mi idea inicial pero tras}
Rd8 27. Qf7 Qxf7 28. Rxf7+ Rd7 {el final no ofrece ventaja a las blancas por
la debilidad de mi estructura de peones en el ala de dama.}) 26... Kb7 {
Bien jugado.} ({Si} 26... Nxf4+ 27. Rxf4 {las blancas mantienen la iniciativa.}
) 27. Qd5+ Ka6 28. Bd6 {DIAGRAMA} Qb7 $2 {
Con poco tiempo es un error apenas criticable.} ({
Pero lo cierto es que era mejor pasar al contraataque. Tras} 28... Qe2+ $1 29.
Rf2 Qxd3 {las negras parecen estar en plena forma, aunque tienen que encontrar
algunas jugadas difíciles, por ejemplo:} 30. Bxc5 (30. Rf7 Qe2+ $11) 30... Qb5
(30... Rd8 $5 31. Qxd8 Qe4+ 32. Kg1 Qe1+ 33. Rf1 Qe3+ 34. Rf2 Qe1+ 35. Kg2 Qe4+
36. Kh3 Qe6+ 37. g4 Qe3+ 38. Kg2 Qe4+ 39. Kg3 Qe5+ $11) 31. b4 Rf8 $1 32. a4
Rxf2+ 33. Kxf2 Qxa4 34. Qc4+ Qb5 35. Qa2+ Kb7 36. Qf7+ Ka6 37. Qa2+ Kb7 $11)
29. Qxb7+ Kxb7 30. h4 $1 {Resulta que el final es favorable a las blancas por
un detalle coyuntural: la afortunada posición del alfil en d6 que corta al
caballo y plantea problemas concretos a las negras.} Kc6 ({
Quizá más resistente fuera} 30... h5 31. Rf6 Rg8 {pero tras} 32. Kf3 {
la ventaja blanca está fuera de duda. Podría seguir} a5 33. Ke4 Re8+ 34. Kd5 $1
Ne7+ 35. Kc4 Nc8 36. Bf4) ({Tampo} 30... Rd8 31. Rf6 {
soluciona los problemas de las negras.}) 31. Rf6 Kd7 ({
Para mala suerte de las negras no sirve} 31... Kd5 {por la chistosa} 32. Bc7 $1
Rc8 33. Rd6+ Ke5 34. Rd7+ Ke6 35. Rxh7 $16) {Ahora supe que tenía la partida
medio ganada ya que el final de torres que se avecina es muy favorable para
mis intereses al disponer de una torre muy activa.} 32. h5 Ne7 33. Bxe7 Kxe7
34. Rc6 $1 Kd7 35. Rh6 Ke7 36. g4 Kf7 37. g5 Kg7 38. Re6 Rf8 {DIAGRAMA} 39. Kg3
({La ventaja es clara pero era más rápido} 39. Re7+ $1 Kg8 (39... Rf7 40. Rxf7+
Kxf7 41. Kf3 Ke6 42. Ke4 $18) 40. Kg3 Rf1 41. Rxa7 Rd1 42. Kg4 Rxd3 43. Ra8+
Kg7 44. h6+ Kf7 45. Rh8 $18) 39... Rf7 ({El intento de jugar activo con} 39...
Rf1 {no puede funcionar por la mala posición del rey negro, por ejemplo:} 40.
Re7+ Kg8 41. Rxa7 Rd1 42. Kg4 Rxd3 43. Ra8+ Kg7 44. h6+ Kf7 45. Rh8 $18) {
Ahora comienza la fase de convertir la ventaja posicional en material. Las
negras no disponen de contrajuego por lo que la partida está decidida y solo
se requiere cierto cuidado.} 40. Kg4 Rd7 41. a4 Kf7 42. Rf6+ Kg7 43. Kf5 Re7
44. Re6 Rf7+ 45. Ke4 Rd7 (45... Rb7 46. Kd5 Rd7+ 47. Kc6 Rf7 48. h6+ Kf8 49.
Rf6 Rxf6+ 50. gxf6 Kf7 51. Kb7 $18) 46. a5 bxa5 (46... Rb7 47. a6 Rd7 48. Re8
Kf7 49. Rb8 Ke6 50. Rb7 $18) 47. Ra6 Rb7 (47... a4 48. Rxa4 h6 49. g6 Kf6 50.
Ra5 Re7+ 51. Kf4 Rc7 52. Ra6+ Kg7 53. Ke4 $18) 48. Rxa5 Rxb3 49. Rxc5 Rb4 50.
Rd5 a6 51. Rd7+ Kg8 52. Rxd4 {y las blancas ganaron jugadas más tarde.} 1-0

[Event "15th ETC"]
[Site "Gothenburg SWE"]
[Date "2005.07.30"]
[Round "1"]
[White "Perez Candelario, Manuel"]
[Black "Karjakin, Sergey"]
[Result "1-0"]
[WhiteElo "2504"]
[BlackElo "2645"]
[PlyCount "89"]
[EventDate "2005.07.30"]
[EventType "team"]
[EventRounds "9"]
[EventCountry "SWE"]
[Source "EDAMI"]
[SourceDate "2006.12.20"]

1. e4 c5 2. Nf3 d6 3. d4 cxd4 4. Nxd4 Nf6 5. Nc3 a6 6. Be3 e5 7. Nf3 Qc7 8. a4
Be7 9. a5 O-O 10. Be2 Be6 11. O-O Nbd7 12. Ng5 Rad8 $6 {Dado que las negras
nunca podrán jugar el avance d5 en buenas condiciones, esta torre no hace nada
productivo aquí.} ({Se había jugado} 12... Bc4 13. Ra4 Bxe2 14. Qxe2 $14 {
Huebner,R-Portisch,L/Abano Therme 1980}) {DIAGRAMA} 13. Qb1 $1 {
Preparándo la captura en e6 seguido de Qa2.} Nc5 ({Si} 13... d5 14. Nxe6 $1 ({
Tras} 14. exd5 Bf5 $5 15. Bd3 Bxd3 16. cxd3 {
también es preferible la posición de las blancas.}) 14... fxe6 15. exd5 exd5
16. Qa2 {y el peón cae tras} Qc6 17. Rad1 Nc5 18. Nxd5 $1 Nxd5 19. Bc4 {ganando
}) 14. b4 Ncd7 $2 {De este modo las negras han perdido dos tiempos.} ({
La única continuación consecuente era} 14... h6 {
aunque las blancas tienen un juego cómodo, por ejemplo:} 15. Nxe6 Nxe6 16. Nd5
Nxd5 17. exd5 Nf4 18. Bxf4 exf4 $14) 15. Nxe6 fxe6 16. Qb3 $16 {Las blancas
han ganado la batalla de la apertura. En las próximas jugadas Manolo despliega
un juego muy efectivo.} Kh8 17. Rfd1 Qc6 18. f3 $1 Ng8 19. Na4 $1 Rf6 20. c4
Rg6 {La maniobra de la torre es completamente inofensiva. El jugador español
con buen criterio sigue concentrado sus energías en el flanco de dama donde su
ventaja está muy definida.} {DIAGRAMA} 21. Nb6 Ngf6 22. Rab1 Nxb6 23. b5 $1 {
Con esta y sus próximas jugadas las blancas penetran decisivamente las
defensas del negro en este sector.} Qc8 24. bxa6 bxa6 25. axb6 Qb7 {DIAGRAMA}
26. c5 $1 {Los alfiles reinan supremos.} dxc5 27. Rxd8+ Bxd8 28. Bxc5 $18 {
La ventaja es decisiva y Manolo no dejará escapar a su rival.} Nd7 29. Bf2 h6
30. Kh1 Kh7 31. Qd3 a5 32. Qb5 Nf6 33. Qa6 Qf7 (33... Qxa6 34. Bxa6 Nd7 35. Bc8
Nb8 36. Bc5 $18) 34. b7 Bc7 35. Ba7 Nh5 {Tratando de crear algo de juego
contra el rey blanco que sin embargo disfruta de una sólida posición que hace
inútiles los esfuerzos de Karjakin.} 36. b8=Q ({Quizá era más rápida} 36. Rc1)
36... Bxb8 37. Bxb8 Qf4 38. Qxa5 Qe3 39. Qe1 Rg5 40. Bf1 ({
Sin duda era más sencilla} 40. g3 {con una pieza limpia de ventaja. Ahora
Karjakin gana la dama blanca y puede "patalear" un buen rato.}) 40... Ng3+ 41.
Qxg3 ({Evidentemente si} 41. hxg3 $4 Rh5# {mate}) 41... Rxg3 42. hxg3 Qc3 ({
Más resistente era} 42... Qc5 {
tratando de impedir que el alfil blanco regrese al flanco de rey.}) 43. Ba7 h5
44. Kg1 g5 45. Bf2 $18 {DIAGRAMA  Tras reagrupar sus piezas las blancas están
en condiciones de imponer cómodamente su ventaja material. Karjakin abandonó
en la jugada 73.} 1-0

[Event "15th ETC"]
[Site "Gothenburg SWE"]
[Date "2005.07.31"]
[Round "2"]
[White "Timman, Jan H"]
[Black "Kuzubov, Yuri"]
[Result "1-0"]
[WhiteElo "2625"]
[BlackElo "2535"]
[Annotator "Illescas, M"]
[PlyCount "77"]
[EventDate "2005.07.30"]
[EventType "team"]
[EventRounds "9"]
[EventCountry "SWE"]
[Source "EDAMI"]
[SourceDate "2006.12.20"]

1. c4 e5 2. g3 Nf6 3. Bg2 Nc6 4. Nc3 Bb4 5. Nd5 Bc5 6. e3 Nxd5 7. cxd5 Ne7 8.
Ne2 {Esta linea de juego se considera algo mejor para las blancas.} O-O 9. O-O
c6 10. d4 exd4 11. exd4 Bb6 ({Tampoco resolvieron sus problemas las negras con
} 11... Bd6 12. Nc3 cxd5 13. Nxd5 Nxd5 14. Bxd5 Qf6 15. Re1 $14 {
Rasmussen,K-Bergstrom,C/Slagelse 1988}) {DIAGRAMA} 12. d6 $5 {Una idea estratég
ica conocida: las blancas arriesgan este peón con la idea de retrasar al
máximo el desarrollo del Bc8.} Nf5 13. Bf4 Qf6 14. Be5 Qh6 15. Nc3 Nxd6 {
Tal como era previsible el peón cae pero las blancas mantienen la iniciativa.}
16. d5 $1 Nf5 {DIAGRAMA} 17. d6 $1 {Un segundo infante ha ocupado el lugar de
su antecesor y esta vez las negras no podrán eliminar tan fácilmente al
incómodo visitante.} Re8 18. Re1 Re6 19. Qd3 Qh5 ({Evidentemente no sirve} 
19... Nxd6 $4 20. Bxd6 Rxd6 21. Re8# {mate}) 20. Bf3 Qg6 21. Bf4 Nd4 22. Be4
Qh5 23. Bg2 Qg6 24. Be4 Qh5 25. Na4 f5 26. Nxb6 fxe4 27. Qxd4 axb6 28. Rxe4 Qc5
29. Qd3 ({Timman debió considerar que el final resultante tras} 29. Qxc5 bxc5
30. Rxe6 dxe6 31. Be5 Bd7 $14 {
no era bastante premio al enérgico juego de las blancas.}) 29... Qf5 30. Rae1
$5 Ra4 ({Tras} 30... Rxa2 31. R1e3 $44 {a las negras les resultará difícil
mantener el equilibrio en el flanco de rey. Kuzubov centra sus esfuerzos en
eliminar al peón d6 enemigo.}) 31. f3 h5 32. Qb3 Raxe4 33. fxe4 Qc5+ 34. Kg2 g5
{Por fin las negras aflojan la defensa de d6 aunque a costa de debilitar
seriamente la posición de su rey.} 35. Be3 Qxd6 36. Bxg5 Qc5 37. Bf6 d5 38. e5
{DIAGRAMA} Qd4 $2 {
El joven ucraniano sucumbe a la presión presumiblemente agobiado por el tiempo.
} ({Resistía tenazmente} 38... Bd7 39. Qd3 Be8 40. Qf5 Bf7 $14) 39. Qc2 $1 {
Esta jugada decide la lucha.} ({Tras} 39. Qc2 Qg4 40. h3 {no puede evitarse la
decisiva entrada de la dama blanca por g6. Una buena partida de Timman.}) 1-0

[Event "15th ETC"]
[Site "Gothenburg SWE"]
[Date "2005.08.01"]
[Round "3"]
[White "Atakisi, Umut"]
[Black "Neubauer, Martin"]
[Result "0-1"]
[WhiteElo "2437"]
[BlackElo "2468"]
[Annotator "Illescas, M"]
[PlyCount "102"]
[EventDate "2005.07.30"]
[EventType "team"]
[EventRounds "9"]
[EventCountry "SWE"]
[Source "EDAMI"]
[SourceDate "2006.12.20"]

1. e4 e5 2. Nf3 Nc6 3. Bb5 Nf6 4. d3 d6 5. c3 g6 6. Nbd2 Bg7 7. O-O O-O 8. Re1
Nd7 9. Nf1 Nb6 10. h3 a6 11. Bxc6 bxc6 12. d4 Nd7 13. Bg5 Qe8 14. Qd2 Rb8 15.
b3 c5 16. Bh6 Bb7 17. Ng3 Qe7 18. Nh2 exd4 19. Bxg7 Kxg7 20. cxd4 cxd4 21. Ng4
c5 {DIAGRAMA} 22. Nf5+ $1 {El inicio de una espléndida combinación. Con este
jaque doble se sacrifica el caballo para obligar al negro a abrir sus defensas.
Siguió de modo forzado} gxf5 23. Qh6+ {Entra la dama...} Kh8 24. exf5 {
Y entran en acción también la torre y el peligroso peón f...} Qd8 {
La dama se retira a la única casilla disponible.} ({No servía} 24... Ne5 {por}
25. f6 $18 {con doble amenaza: mate y dama.}) {DIAGRAMA} 25. Re7 $3 {Única y es
pectacular jugada que mantiene la iniciativa y que debió ser calculada con
antelación: el juego sigue con un carácter forzado.} ({La lenta} 25. f6 $2 {
permite la defensa del negro mediante} Rg8 26. Re7 Rg6 $19) 25... Qxe7 {
Las negras están onligadas a capturar la torre ya que las alternativas reciben
mate:} (25... Bc6 26. f6 Rg8 27. Rxf7 Nf8 28. Qg7+ $3 Rxg7 29. fxg7+ Kg8 30.
Nh6# {con una bella imagen de mate}) (25... Bd5 26. Rxd7 Qxd7 27. Qf6+ Kg8 28.
Nh6# {mate}) 26. f6 {Ahora el peón ejecuta su amenaza pero las negras todavía
disponen de recursos...} Nxf6 27. Nxf6 {
Ahora es el caballo que plantea el mate en h7} Be4 {
El alfil llega justo a tiempo, pero...} 28. Re1 $1 {
Entra en juego el último efectivo de las blancas.} Rfe8 29. Nxh7 $1 {!El segund
o caballo se sacrifica para eliminar al último defensor del monarca enemigo!} (
{No era tan fuerte} 29. Rxe4 Qxe4 30. Nxe4 Rxe4 31. Qxd6 $14 {
ya que las negras quedan con dos torres por la dama.}) ({Y no había tiempo para
} 29. f3 $2 {por} Qf8 $1 $19) 29... Bxh7 30. Rxe7 Rxe7 31. Qf6+ Kg8 32. Qxe7 {
DIAGRAMA  Tras la agotadora secuencia de ataque las blancas emergen en un
final con importante ventaja material.} d3 33. f4 c4 34. Qxd6 Re8 35. bxc4 Re2
36. Qd8+ Kg7 37. Qd4+ Kg8 38. Qd8+ Kg7 39. Qd4+ Kg8 40. f5 $2 {Una pena: hacía
falta algo de precisión para convertir la ventaja material en una victoria.} (
40. Qd7 $1 {Tras esta jugada que controla g4 las negras quedan sin recursos:}
Kf8 (40... Be4 41. c5 d2 $2 42. Qg4+ $18) (40... Rxa2 41. Kf1 $18) 41. Kf1 Be4
42. f5 Bxg2+ 43. Kg1 Be4 44. f6 $18) 40... Bxf5 41. Kh2 (41. Kf1 Be4 $1 42. g3
Bg2+ $1 43. Kg1 Be4 $14) 41... d2 42. Kg3 $4 {Y tras este terrible error al
jugador de blancas no le queda ni el consuelo de las tablas.} ({
Con más tiempo el resultado lógico habría sido el empate, por ejemplo:} 42. c5
Bc2 43. Qd8+ Kg7 44. Qg5+ Bg6 45. Qd8 Bc2 46. Qg5+ $11) 42... Re3+ $1 {
Sencilla omisión que cambia el signo de la partida.} 43. Qxe3 ({Si} 43. Kf2 Rd3
{ganando}) 43... d1=Q 44. Kf4 Be6 $19 {
Con pieza de más la victoria de las negras es inevitable.} 45. Ke5 Qa1+ 46. Qd4
Qe1+ 47. Kf6 Qf1+ 48. Ke5 Qxc4 49. a3 Qe2+ 50. Qe4 Qb2+ 51. Qd4 Qxa3 0-1

[Event "15th ETC"]
[Site "Gothenburg SWE"]
[Date "2005.08.01"]
[Round "3"]
[White "Fressinet, Laurent"]
[Black "Timofeev, Artyom"]
[Result "1-0"]
[WhiteElo "2627"]
[BlackElo "2661"]
[Annotator "Illescas, M"]
[PlyCount "79"]
[EventDate "2005.07.30"]
[EventType "team"]
[EventRounds "9"]
[EventCountry "SWE"]
[Source "EDAMI"]
[SourceDate "2006.12.20"]

1. e4 c5 2. Nf3 Nc6 3. Bb5 d6 4. O-O Bd7 5. Re1 Nf6 6. c3 a6 7. Ba4 e5 $6 {
En mi opinión esta jugada conduce a esquemas propios de la apertura española
para los que las blancas están mejor situadas.} ({Más normales son tanto} 7...
b5) ({como} 7... c4 $5) 8. h3 c4 $5 $146 {Una novedad interesante.} ({
Se conocía} 8... Be7 9. d4 b5 10. Bc2 exd4 11. cxd4 Nb4 12. Nc3 Nxc2 13. Qxc2
cxd4 14. Nxd4 b4 15. Nd5 $14 {Kosikov,A-Zubov,A/Kyiv UKR 2003}) {DIAGRAMA} 9.
d4 cxd3 10. Bg5 $5 Be7 11. Qxd3 Nh5 12. Bxe7 Nxe7 13. Bb3 Bb5 14. Qd1 Nf4 15.
c4 Bc6 16. c5 $1 {DIAGRAMA  Fressinet juega bien sus cartas: el alfil de b3 se
convierte en una pieza muy peligrosa.} dxc5 $6 {
Aceptar el peón solo hace que alimentar la iniciativa de las blancas.} ({
Era mejor tratar de mejorar la pobre ubicación del Ne7; tras} 16... Nc8 17.
cxd6 Nxd6 {la posición se iguala bastante y las negras están en condiciones de
aprovechar su caballo en f4 y pasar al contra-ataque en caso de que las
blancas capturen en e5, por ejemplo:} 18. Nxe5 Qg5 $1 19. Ng4 O-O-O $1 20. Nd2
h5 21. Nf3 Qg6 22. Nfe5 Qg5 23. Nf3 Qg6 $11 {con posible repetición de jugadas.
}) 17. Nxe5 Qxd1 $2 {Esto equivale a un "harakiri" posicional.} ({
Con todos sus defectos era mejor enrocar. Tras} 17... O-O 18. Qc1 $1 Qa5 19.
Na3 Neg6 20. Nxc6 bxc6 21. Qe3 $14 {
las blancas mantienen la ventaja pero la lucha sigue.}) 18. Rxd1 Rf8 {
Esta jugada hace daño a la vista pero el enroque dejaba a las negras en un
final prácticamente perdido:} (18... O-O 19. Nc3 Nfg6 20. Nxc6 Nxc6 21. Na4 $16
{ganando un peón.}) 19. Nc3 Rc8 {DIAGRAMA} 20. Nc4 $1 {
Un duro golpe para el joven Timofeev que se ve obligado a sacrificar calidad.}
Rd8 21. Nd6+ Rxd6 22. Rxd6 $16 {El resto no tiene historia.} Nc8 23. Rd2 Nb6
24. a4 a5 25. Re1 Ke7 26. g3 c4 27. Bc2 Ne6 28. Nd5+ Bxd5 29. exd5 Rd8 30. Bxh7
Rxd5 31. Rxd5 Nxd5 32. Be4 Nb6 33. Bc2 Kd6 34. h4 Nc5 35. Ra1 Nd5 36. Rd1 Kc6
37. Rd4 Nb6 38. h5 Ne6 39. Rg4 Kc5 40. Rxg7 1-0